000 00215 a2200097 4500
001 28794
100 _aBennett, CE
245 _aphysics without mathematics
260 _a
_bBarnes & noble
_c
090 _c19242
_d19242
942 _aNUST-CAE
_cM
_c10272
999 _c263867
_d263867